|
|
|
|
| LEADER |
02879nam a22005775i 4500 |
| 001 |
978-3-319-39225-7 |
| 003 |
DE-He213 |
| 005 |
20160513105306.0 |
| 007 |
cr nn 008mamaa |
| 008 |
160513s2016 gw | s |||| 0|eng d |
| 020 |
|
|
|a 9783319392257
|9 978-3-319-39225-7
|
| 024 |
7 |
|
|a 10.1007/978-3-319-39225-7
|2 doi
|
| 040 |
|
|
|d GrThAP
|
| 050 |
|
4 |
|a QA76.9.M3
|
| 072 |
|
7 |
|a UYZM
|2 bicssc
|
| 072 |
|
7 |
|a UKR
|2 bicssc
|
| 072 |
|
7 |
|a BUS083000
|2 bisacsh
|
| 072 |
|
7 |
|a COM032000
|2 bisacsh
|
| 082 |
0 |
4 |
|a 005.74
|2 23
|
| 245 |
1 |
0 |
|a Open Source Systems: Integrating Communities
|h [electronic resource] :
|b 12th IFIP WG 2.13 International Conference, OSS 2016, Gothenburg, Sweden, May 30 - June 2, 2016, Proceedings /
|c edited by Kevin Crowston, Imed Hammouda, Björn Lundell, Gregorio Robles, Jonas Gamalielsson, Juho Lindman.
|
| 264 |
|
1 |
|a Cham :
|b Springer International Publishing :
|b Imprint: Springer,
|c 2016.
|
| 300 |
|
|
|a XIV, 209 p. 37 illus.
|b online resource.
|
| 336 |
|
|
|a text
|b txt
|2 rdacontent
|
| 337 |
|
|
|a computer
|b c
|2 rdamedia
|
| 338 |
|
|
|a online resource
|b cr
|2 rdacarrier
|
| 347 |
|
|
|a text file
|b PDF
|2 rda
|
| 490 |
1 |
|
|a IFIP Advances in Information and Communication Technology,
|x 1868-4238 ;
|v 472
|
| 520 |
|
|
|a This book constitutes the refereed proceedings of the 12th International IFIP WG 2.13 International Conference on Open Source Systems, OSS 2016, held in Gothenburg, Sweden, in May/June 2016. The 13 revised full papers presented were carefully reviewed and selected from 38 submissions. The papers cover a wide range of topics related to free, libre, and open source software, including: organizational aspects of communities; organizational adoption; participation of women; software maintenance and evolution; open standards and open data; collaboration; hybrid communities; code reviews; and certification.
|
| 650 |
|
0 |
|a Computer science.
|
| 650 |
|
0 |
|a Software engineering.
|
| 650 |
|
0 |
|a Computers.
|
| 650 |
|
0 |
|a Law and legislation.
|
| 650 |
|
0 |
|a Management information systems.
|
| 650 |
1 |
4 |
|a Computer Science.
|
| 650 |
2 |
4 |
|a Management of Computing and Information Systems.
|
| 650 |
2 |
4 |
|a Software Engineering.
|
| 650 |
2 |
4 |
|a Legal Aspects of Computing.
|
| 650 |
2 |
4 |
|a Information Systems Applications (incl. Internet).
|
| 700 |
1 |
|
|a Crowston, Kevin.
|e editor.
|
| 700 |
1 |
|
|a Hammouda, Imed.
|e editor.
|
| 700 |
1 |
|
|a Lundell, Björn.
|e editor.
|
| 700 |
1 |
|
|a Robles, Gregorio.
|e editor.
|
| 700 |
1 |
|
|a Gamalielsson, Jonas.
|e editor.
|
| 700 |
1 |
|
|a Lindman, Juho.
|e editor.
|
| 710 |
2 |
|
|a SpringerLink (Online service)
|
| 773 |
0 |
|
|t Springer eBooks
|
| 776 |
0 |
8 |
|i Printed edition:
|z 9783319392240
|
| 830 |
|
0 |
|a IFIP Advances in Information and Communication Technology,
|x 1868-4238 ;
|v 472
|
| 856 |
4 |
0 |
|u http://dx.doi.org/10.1007/978-3-319-39225-7
|z Full Text via HEAL-Link
|
| 912 |
|
|
|a ZDB-2-SCS
|
| 950 |
|
|
|a Computer Science (Springer-11645)
|